000 00427nam a2200145Ia 4500
008 240729s9999 xx 000 0 und d
022 _a2327-8285
245 0 _aJournal of Agricultural and Resource Economics
260 _aUnited States
260 _bWestern Agricultural Economics Association
650 _aAgriculture
856 _uhttps://doaj.org/toc/0e79d128d1e547acbe48ca66220f9ce7
942 _2ddc
942 _cDOAJEJ
999 _c65838
_d65838
945 _a1
_bMadushi Gamage
_c1
_dMadushi Gamage